00858nam a22002177a 4500999001900000005001700019010001500036020003000051035001400081037001300095082001500108100002400123245006400147260003800211270013600249300003800385500002600423700002200449942002900471952014000500 c177905d17790520210310122944.0 aENG-129192 a978-93-8999-145-1c695.00 aEN-112724 bDBAD/PUB a345.540268 aBhandari, Abhimanyu aA Critique of the Prevention of Money Laundering Act, 2002/ aHaryana, IndiabLexis Nexisc2021 bGurugaone122002a14th floor, Building No.10, Tower-B, DLF Cyber City, Phase-IIk911244774444l911244774100mhelp.in@lixisnexis.com a327p.c24cm(hbk)bIncluding Index aForward by A.K. Sikri aSharama, Kartika  2ddccENh345.540268mBHA 001040708NFICaAVbAVd2021-03-10eDBAD/PUBg695.00l4m4o345.540268 BHApEN-112724r2023-07-12 00:00:00s2023-05-19t1v695.00yEN